Russia Decoder - Statistics

General Stats
  • This quiz has been taken 225 times
    153 since last reset
  • The average score is 12 of 16
Answer Stats
Letter Hint Answer % Correct
P Current Russian leader Vladimir Putin
97%
S Former country Russia was a part of Soviet Union
96%
A 1979 Invasion of ___________ Afghanistan
93%
T Name for a Russian monarch Tsar
92%
G Soviet prison camps Gulags
90%
R Popular square in Moscow Red Square
90%
N Last emperor of Russia Nicholas II
88%
U Mountain range that splits Europe and Asia Ural
87%
City Saint Petersburg
79%
R Last reigning family before the Bolshevik Revolution Romanov
77%
T Longest railway in the world Trans-Siberian Railroad
75%
B Saint _______ Cathedral Basil’s
73%
E Highest mountain in Europe Mount Elbrus
65%
I What Russia was accused of in the 2016 POTUS elections Interference
50%
E City named after a German communist Engels
43%
S Largest Russian federal subject Sakha
23%
No matching quizzes found
Score Distribution
Percent of People with Each Score
Percentile by Number Answered
Your Score History
You have not taken this quiz since the last reset